000 00297nam a22001097a 4500
008 160614b xxu||||| |||| 00| 0 eng d
020 _a080772730X
041 _aeng
080 _a618.2
245 _aNursing history / New perspectives, new possibilities:
_cEllen Condliffe Lagemann;
942 _2udc
_cBK
999 _c2499
_d2499